Statistics for MLB Teams Which Have Moved the Greatest Distance

Click here to take the quiz!

General Stats

  • This quiz has been taken 27 times
  • The average score is 8 of 9

Answer Stats

Distance Team Moves % Correct
2572 miGiantsNew York - San Francisco
100%
2449 miDodgersBrooklyn - Los Angeles
100%
1526 mi (856 + 670)BravesBoston - Milwaukee - Atlanta
100%
2538 mi (1038 + 1500)AthleticsPhiladelphia - Kansas City - Oakland
88%
1184 miRangersWashington (Senators) - Texas
88%
489 miNationalsMontreal (Expos) - Washington
83%
1689 miBrewersSeattle (Pilots) - Milwaukee
75%
1043 miTwinsWashington (Senators) - Minnesota
67%
963 miOriolesSt. Louis (Browns) - Baltimore
58%

Score Distribution

Percentile by Number Answered

Percent of People with Each Score

Your Score History

You have not taken this quiz